|
|
|
|
| LEADER |
00667nab a2200181 i 4500 |
| 001 |
misc43137 |
| 005 |
20191106141327.0 |
| 008 |
180802s1992 hu o 0|| zxx d |
| 022 |
|
|
|a 1215-5233
|
| 040 |
|
|
|a SZTE Miscellanea Repozitórium
|b hun
|
| 041 |
|
|
|a zxx
|
| 100 |
1 |
|
|a Szekszárdi Ferencné
|
| 245 |
1 |
0 |
|a "A szeretet fasizmusa"
|h [elektronikus dokumentum] :
|b egy rádióműsor margójára /
|c Szekszárdi Ferencné
|
| 260 |
|
|
|c 1992
|
| 300 |
|
|
|a 51-54
|
| 490 |
0 |
|
|a Iskolakultúra
|v 2 No. 2
|
| 695 |
|
|
|a Kossuth Rádió - riport, Jehova Tanúi, Magyar irodalom - esszé
|
| 856 |
4 |
0 |
|u http://misc.bibl.u-szeged.hu/43137/1/iskolakultura_1992_002_051-054.pdf
|z Dokumentum-elérés
|